Logo Biblioteca

Fausto / (Registro nro. 277)

Detalles MARC
000 -LEADER
fixed length control field 01018nam a22002177a 4500
003 - CONTROL NUMBER IDENTIFIER
control field AR-RoUNCS
005 - DATE AND TIME OF LATEST TRANSACTION
control field 20260212112645.0
008 - FIXED-LENGTH DATA ELEMENTS--GENERAL INFORMATION
fixed length control field 240731s2000 ag ||||| |||| 00| 0 spa d
020 ## - INTERNATIONAL STANDARD BOOK NUMBER
International Standard Book Number 84-95594-17-X
040 ## - CATALOGING SOURCE
Transcribing agency AR-RoUNCS
080 ## - UNIVERSAL DECIMAL CLASSIFICATION NUMBER
Authority record control number or standard number 82-21(430)
100 1# - MAIN ENTRY--PERSONAL NAME
Personal name Goethe, Johann Wolfgang von,
Dates associated with a name 1749-1832
Relator term autor
245 10 - TITLE STATEMENT
Title Fausto /
Statement of responsibility, etc. J. W. Goethe.
260 ## - PUBLICATION, DISTRIBUTION, ETC.
Place of publication, distribution, etc. Buenos Aires :
Name of publisher, distributor, etc. Sol 90,
Date of publication, distribution, etc. 2000.
300 ## - PHYSICAL DESCRIPTION
Extent 202 p. ;
Dimensions 21 cm.
490 0# - SERIES STATEMENT
Series statement Biblioteca de la Literatura Universal ;
Volume/sequential designation 23.
520 3# - SUMMARY, ETC.
Summary, etc. El escritor alemán Johann Wolfgang von Goethe constituye, sin duda, una de las claves mayores de la literatura moderna. Puente entre el clasicismo y el romanticismo, en su obra se entrecruzan las lúcidas tradiciones del racionalismo y la entonces recién avisorada nocturnidad del yo, plena de pasiones, apetencias y sueños. El Fausto es el texto que consagró universalmente a Goethe. (Nota del editor)
650 #7 - SUBJECT ADDED ENTRY--TOPICAL TERM
Source of heading or term embne
Topical term or geographic name entry element Literatura alemana
655 #7 - INDEX TERM--GENRE/FORM
Source of term embne
Genre/form data or focus term Tragedias
General subdivision Teatro
942 ## - ADDED ENTRY ELEMENTS (KOHA)
Source of classification or shelving scheme Universal Decimal Classification
Koha item type Obra General
Suppress in OPAC No
Existencias
Withdrawn status Lost status Source of classification or shelving scheme Damaged status Not for loan Collection Home library Current library Date acquired Source of acquisition Total checkouts Full call number Barcode Date last seen Price effective from Koha item type
    Universal Decimal Classification     Colección General Biblioteca Escuela de Ciencias Sociales Biblioteca Escuela de Ciencias Sociales 31/07/2024 Donación 2024   82-21(430) G599 001080 31/07/2024 31/07/2024 Obra General
Biblioteca de la Escuela Preuniversitaria en Ciencias Sociales y Humanísticas.
Riobamba 250 bis.
CP 2000 - Rosario - Santa Fe
E-Mail: biblioteca@esociales.unr.edu.ar